| 000 | 00630nam a2200241 a 4500 | ||
|---|---|---|---|
| 001 | 0001-1059 | ||
| 003 | ELIB.Books | ||
| 008 | 141210 2010 eng | ||
| 020 | _aKBTS | ||
| 035 | _a(ELIB.Books)0001-1214 | ||
| 092 |
_a250.07 _bHen |
||
| 100 | _aHenry, Pactrick. | ||
| 245 | _aNew Directions In New Testament Study | ||
| 260 |
_aPhiladelphia _bThe Westminster Press _c1979 |
||
| 300 |
_a300 _c20 |
||
| 500 | _aRev. Ler Htoo Mar Lin | ||
| 650 | _aNew Testament- Study | ||
| 856 |
_nKBTS; Library _uKBTS; Elib. |
||
| 942 |
_2ddc _cBK |
||
| 990 | _a1 | ||
| 998 |
_cbat _e2014-12-10 |
||
| 999 |
_c11059 _d11059 |
||